El proceso de financierización de la banca pública costarricense: el caso del Banco Nacional, 1995-2005/
Guardat en:
| Autor principal: | |
|---|---|
| Altres autors: | |
| Format: | Llibre |
| Idioma: | Spanish |
| Etiquetes: |
Afegir etiqueta
Sense etiquetes, Sigues el primer a etiquetar aquest registre!
|
MARC
| LEADER | 00000nam a22000007a 4500 | ||
|---|---|---|---|
| 003 | cru CIDCACS/IIS | ||
| 005 | 20200925161141.0 | ||
| 007 | ta | ||
| 008 | 161116s2015 cr ||||| |||| 00| 0 spa d | ||
| 040 | |c CRAI/IIS |a CRAI/IIS | ||
| 100 | 1 | |9 554 |a Cerdas Sandí, Daniel | |
| 245 | 1 | 3 | |a El proceso de financierización de la banca pública costarricense: |b el caso del Banco Nacional, 1995-2005/ |c Daniel Cerdas Sandí |
| 300 | |a páginas 125-136 | ||
| 700 | 1 | |9 553 |a Cuvi, Nicolás | |
| 773 | 0 | |0 18728 |9 150 |a Universidad de Costa Rica |d San José, Costa Rica Editorial UCR 1956- |o R19003 |t Revista de Ciencias Sociales/ | |
| 942 | |2 ddc |c PP | ||
| 999 | |c 18744 |d 18744 | ||
